| 000 | 00591cam a22001815i 4500 | ||
|---|---|---|---|
| 020 | _a9789694965017 | ||
| 082 | _a808.813 JAV | ||
| 100 | 1 |
_aJaved, Dr. Inam ul Haq _d1949- _eauthor. |
|
| 245 | 1 | 0 |
_aWit and wisdom / _cselected humorous poetry by Dr. Inam ul Haq Javed ; translated by Dr. Safdar Ali Shah. |
| 260 |
_aIslamabad _bDost Publications _c2015 |
||
| 300 |
_a171 pages ; _c22 cm |
||
| 650 | 0 |
_aHumorous poetry, Urdu. _935659 |
|
| 942 |
_2ddc _cBK |
||
| 999 |
_c541260 _d541260 |
||